The Institution of Fire Engineers (Record no. 120692)
[ view plain ]
| 000 -LEADER | |
|---|---|
| fixed length control field | 01131cai a2200181 a 4500 |
| 001 - CONTROL NUMBER | |
| control field | L144724 |
| 008 - FIXED-LENGTH DATA ELEMENTS--GENERAL INFORMATION | |
| fixed length control field | 080806u xxk g 000 0 eng d |
| 035 ## - SYSTEM CONTROL NUMBER | |
| System control number | (Sirsi) u144724 |
| 041 0# - LANGUAGE CODE | |
| Language code of text/sound track or separate title | eng |
| 110 2# - MAIN ENTRY--CORPORATE NAME | |
| Corporate name or jurisdiction name as entry element | Institution of Fire Engineers |
| 9 (RLIN) | 4124 |
| 245 04 - TITLE STATEMENT | |
| Title | The Institution of Fire Engineers |
| Medium | [electronic resource] |
| 520 ## - SUMMARY, ETC. | |
| Summary, etc. | Website of the Institution of Fire Engineers (IFE), an international organisation for fire professionals. Provides information about this non profit professional body, its structure, objectives, activities, membership, publications and international branches. Includes news and updates, information about training and education, a forum, their online journal and catalogue. Provides information on their Register of Fire Risk Assessors and Auditors, their special interest groups, and IFE Technical Strategy and Advisory Group (TSAG). Has a page dedicated to their Young professionals. |
| 590 ## - LOCAL NOTE (RLIN) | |
| Local note | KA |
| 651 #4 - SUBJECT ADDED ENTRY--GEOGRAPHIC NAME | |
| Geographic name | International |
| 690 ## - LOCAL SUBJECT ADDED ENTRY--TOPICAL TERM (OCLC, RLIN) | |
| Topical term or geographic name as entry element | MANAGEMENT-HEALTH AND SAFETY-FIRE SAFETY |
| 856 40 - ELECTRONIC LOCATION AND ACCESS | |
| Uniform Resource Identifier | <a href="https://www.ife.org.uk/">https://www.ife.org.uk/</a> |
| Public note | View this website free of charge at http://www.ife.org.uk... |
| 942 ## - ADDED ENTRY ELEMENTS (KOHA) | |
| Suppress in OPAC | 0 |
| Withdrawn status | Lost status | Source of classification or shelving scheme | Damaged status | Not for loan | Home library | Current library | Shelving location | Date acquired | Total Checkouts | Full call number | Barcode | Date last seen | Copy number | Price effective from | Koha item type |
|---|---|---|---|---|---|---|---|---|---|---|---|---|---|---|---|
| Dewey Decimal Classification | Virtual | Virtual | Online | 06/08/2008 | ONLINE PUBLICATION | 144724-2001 | 06/08/2019 | 1 | 06/08/2019 | Online material |